Normal view
MARC view
Entry Personal Name
001 - CONTROL NUMBER
- control field: 69759
003 - CONTROL NUMBER IDENTIFIER
- control field: OSt
005 - DATE AND TIME OF LATEST TRANSACTION
- control field: 20230125093100.0
008 - FIXED-LENGTH DATA ELEMENTS
- fixed length control field: 230125|| aca||aabn | a|a d
040 ## - CATALOGING SOURCE
- Original cataloging agency: OSt
- Transcribing agency: OSt
100 ## - HEADING--PERSONAL NAME
- Personal name: Girish Mahajan: गिरीश महाजन
670 ## - SOURCE DATA FOUND
- Source citation: Work cat.: (OSt)226426: Girish Mahajan: गिरीश महाजन , Saptak kavya mein vyangya vidhan:, 2005